banner-ar

المحاسبة الضريبية طبقا للقانون 91 لسنة 2005 : (Record no. 67053)

MARC details
000 -الفاتح
حقل البيانات ثابتة الطول 01057nam a2200241Ia 4500
005 - وقت وتاريخ اخر تعامل مع التسجيلة
رقم الضبط 20240530110954.0
008 - عناصر البيانات ثابتة الطول - معلومات عامة
حقل البيانات ثابتة الطول 140319s2008 xx 000 0 ara d
040 ## - مصدر الفهرسة
وكالة الفهرسة الأصلية GCL /
وكالة النسخ GCL
082 04 - رقم تصنيف ديوى العشرى
رقم التصنيف 657.46 /
رقم المادة م م
100 1# - المدخل الرئيسى - إسم شخصى
الإسم الشخصى منصور احمد البديوى
245 01 - بيان العنوان
العنوان المحاسبة الضريبية طبقا للقانون 91 لسنة 2005 :
بقية العنوان الضريبة على ارباح الاشخاص الاعتبارية - الضريبة على المرتبات - ضريبة المبيعات /
بيان المسئوليه,etc منصور احمد البديوى ، جمال عبدالغنى
260 ## - PUBLICATION, DISTRIBUTION, ETC. (IMPRINT)
تاريخ النشر أو التوزيع 2008
300 ## - الوصف المادى
التعداد 450 ص ؛
أبعاد الوعاء 24 سم
650 04 - المدخل الاضافى بالموضوع-مصطلح موضوعى
مصطلح موضوعي الضرائب
650 04 - المدخل الاضافى بالموضوع-مصطلح موضوعى
مصطلح موضوعي المحاسبة الضريبية
650 04 - المدخل الاضافى بالموضوع-مصطلح موضوعى
مصطلح موضوعي الضرائب المباشرة
650 04 - المدخل الاضافى بالموضوع-مصطلح موضوعى
مصطلح موضوعي الضرائب - محاسبة
650 04 - المدخل الاضافى بالموضوع-مصطلح موضوعى
مصطلح موضوعي ضربية المبيعات
651 ## - المدخل الاضافى بالموضوع - اسم جغرافى
مصدر الرأس أو المصطلح القانون
700 ## - المدخل الاضافى - اسم شخصى
الإسم الشخصى جمال عبدالغنى
الدور مؤلف مشارك
942 ## - عناصر المدخل الإضافي( كوها)
مصدر التصنيف او مخطط الترفيف Dewey Decimal Classification
Koha [default] item type كتاب
260 ## - PUBLICATION, DISTRIBUTION, ETC. (IMPRINT)
-- الاسكندرية :
-- الدار الجامعية،
Holdings
حالة التراجع حالة الفقد حالة تلف ليس للاعارة المكان المؤقت الموقع الحالى موقع الترفيف تاريخ الاكتساب اجمالي اﻻعارات رقم الطلب الباركود تاريخ اخر مشاهدة تاريخ تفعيل السعر نوع وعاء كوها
        مكتبة القاهرة الكبرى مكتبة القاهرة الكبرى ق الرئيسية_الإدارة_ك عربى 12/21/2022   657.46 / م م 169078 12/21/2022 12/21/2022 كتاب

Powered By

EGPV